Introduction to microbiology
Bewaard in:
| Hoofdauteur: | |
|---|---|
| Formaat: | Boek |
| Taal: | Engels |
| Gepubliceerd in: |
Nueva York
Reinhold
1966
|
| Reeks: | Reinhold books in the biological sciences
|
| Onderwerpen: | |
| Tags: |
Voeg label toe
Geen labels, Wees de eerste die dit record labelt!
|
MARC
| LEADER | 00000nam a2200000 a 4500 | ||
|---|---|---|---|
| 001 | UCX9773 | ||
| 003 | CL-VaPUC | ||
| 008 | 940627e19660000US |||||||||||||||||eng|d | ||
| 082 | 0 | 4 | |a 576 |b WED |2 21 |
| 100 | 0 | |a Wedberg, Stanley E |e author |9 327247 | |
| 245 | 1 | 0 | |a Introduction to microbiology |
| 246 | 1 | 0 | |a Microbiology |
| 300 | |a 426 p | ||
| 942 | |c BK | ||
| 945 | |d 19940627 00:00:00 |a mfernand | ||
| 260 | |a Nueva York |b Reinhold |c 1966 | ||
| 650 | 0 | |a Microbiología |9 259706 | |
| 583 | |a last modification |c 19940627 00:00:00 |k Rodrigo Vera | ||
| 490 | 0 | |a Reinhold books in the biological sciences | |
| 999 | |c 228926 |d 228924 | ||
| 952 | |0 0 |1 0 |4 0 |6 576_000000000000000_WED_1966 |7 0 |8 A |9 229428 |a BIBALI |b BIBALI |c GEN |d 2019-11-15 |i 2990334 |o 576 WED 1966 |p 2990334 |r 2025-01-20 |w 2019-11-15 |y BK |k ALI | ||